000 00701cam a22002414a 4500
001 12836312
005 20180118093641.0
008 020628s2003 ilu 000 0 eng
010 _a 2002027208
020 _a0071390413
020 _z0071390405
040 _aDLC
_cDLC
_dDLC
041 _aeng
042 _apcc
080 _a620..002373 GER
082 0 0 _a620..002373 GER
_221
100 1 _a27
101 _aENG
245 1 0 _aCareers in engineering /
_cGeraldine Garner.
906 _a7
_bcbc
_corignew
_d1
_eocip
_f20
_gy-gencatlg
942 _2ddc
_cBK
999 _c40510
_d40510